000 00344nam a22001337a 4500
003 SGT
082 _a616.89
_bC10G
100 _aGRARD, ALEC
245 _aCOGNITIVE BEHAVIORAL INTERVENTIONS OF MENTAL HEALTH PRACTITIONERS
260 _aLEARNING MATTERS
_bLEARNING MATTERS
_c2010
300 _a122
650 _aPSYCHIATRY
942 _2ddc
_cBK
999 _c10505
_d10505